000 02883nam0a2200409 4500
001 RU\NLR\bibl\1754676
005 20250616121708.0
010 _a978-5-17-071665-4
021 _aRU
_b2011-19069
_91349
035 _a(nilc)IZD\AST\2007\1074816
035 _a(NLR Aleph) 001745517
090 _a1486170
_c1486170
100 _a20110610d2011 |||y0rusy50 ca
101 1 _arus
_ceng
102 _aRU
105 _ay |||||||||
200 1 _aСветские скандалы
_e[сборник
_fпер с англ. Т. А. Осиной]
210 _aМосква
_cАСТ
_cАстрель
_aВладимир
_cВКТ
_d2011
215 _a316, [1] с.
_d17
225 1 _aОчарование
225 1 _aМини Шарм
300 _aНа обл. и корешке авт.: Карен Хокинс, Сюзанна Энок
327 1 _aСодерж.: Истинная любовь / Сюзанна Энок. Два сердца /Карен Хокинс
330 _aОт всезнающей леди Уислдаун не укроется ни одна любовная история в высшем свете| Юная красавица с рождения помолвлена, но с будущим супругом до сих пор не встречалась. И вот он примчался в Лондон, прослышав, что его нареченная напропалую кокетничает с великосветскими щеголями. Чем закончится их знакомство - свадьбой или разрывом? Молодой повеса привык видеть в обворожительной леди лишь подругу сестры. Но стоило ей выбрать жениха = нельзя же всю жизнь оставаться старой девой, - как он понимает, что всегда любил только ее и никогда никому не отдаст. Две повести. Две очаровательные романтические истории|
464 0 _12001#$aИстинная любовь$fСюзанна Энок
_1700#1$aЭнок$bС.$gСюзанна
_tИстинная любовь
_aЭнок, Сюзанна
464 0 _12001#$aДва сердца$fКарен Хокинс
_1700#1$aХокинс$bК.$gКарен
_tДва сердца
_aХокинс, Карен
686 _a84(7Сое)
_vLBC/RL
_2rubbk
686 _a0661
_aЗарубежная сентиментальная литература
_2TCC-BG
686 _aШ6(7США)67-440.4я43{Лх1979-50сб}
801 0 _aRU
_bЛИБНЕТ
_c20110610
_gRCR
801 1 _aRU
_bЛИБНЕТ
_c20110610
801 2 _aRU
_bНБР Карелия
_c20110714
801 2 _aRU
_bNLR
_c20110405
_grcr
830 _aCODE_OF_LIBNET\000060525
942 _cBOOK
980 _aNB